00557nam a2200205Ia 4500003000400000005001700004008004100021020001500062040001800077041000800095082002100103100002200124245004400146250001200190260003900202300002800241650003000269650003000299650002200329OSt20240827112841.0210716s1976 xx 000 0 und d a0394722566 cAIMIT LIBRARY aeng a374.22 21bWATP aWatzlawick, Paul. aHow real is real /cBy Paul Watzlawick. a1st ed. aNew York :bVintage books ,c1976. aix,266p. ;bPBc19.3 cm aThe trials of translation aThe benefits of confusion aThe two realities